Trouvez les paroles - Non Je Ne Regrette Rien - Edith Piaf - Statistiques

Statistiques générales
  • Ce quiz a été pris 106 fois
  • Le résultat moyen est 88 sur 110
Statistiques - réponses
Réponse % Correct
de
100%
Je
100%
ne
100%
Non !
100%
regrette
100%
Rien
100%
rien...
100%
le
91%
m'a
89%
ma
89%
Ni
89%
à
88%
me
88%
bien
86%
bien,
86%
ça
86%
mal
84%
mal,
84%
mes
84%
Mes
84%
égal !
82%
fait
82%
tout
82%
qu'on
77%
Avec
72%
avec
72%
m'est
72%
du
67%
les
61%
toi !
61%
C'est
60%
fous
60%
vie,
60%
Car
58%
car
58%
passé !
58%
souvenirs
58%
commence
56%
balayé,
54%
zéro...
54%
J'ai
53%
repars
51%
Aujourd'hui !
49%
oublié !
47%
feu
46%
plus
46%
allumé
44%
amours
42%
leurs
42%
payé,
42%
besoin
40%
d'eux !
40%
n'ai
40%
chagrins,
39%
joies
39%
plaisirs,
39%
trémolos
39%
Balayés
25%
Aucun quiz correspondant
Distribution des résultats
% des personnes avec chaque résultat
Percentile par nombre de réponses
Votre historique - résultats
Vous n’avez pas pris ce quiz